00527nam a2200157Ia 4500003000900000008004100009040001600050080002000066100001600086245012800102260004000230300002300270650004100293650001800334650001700352IN-BaIIA211028s9999 xx 000 0 eng d cIIA Library a523.9(063)bESA aRolfe, Eric 0aFuture missions in solar, heliospheric and space plasma physicscEric Rolfe  aFrancebEuropean Space Agencyc1985 a[various pagings.] aAstronomy and astrophysics thesaurus aSolar physics aSpace plasma